| 000 | 00000cas 2200000zi 4500 |
| 001 | 9.958065 |
| 003 | CaOODSP |
| 005 | 20251218103324 |
| 006 | m o d f |
| 007 | cr cn |||||||| |
| 008 | 251208c20249999qucar p o f0###b0fre|d |
| 020 | |z9780660744964|z9780660760407 |
| 022 | |a2819-8271 |
| 040 | |aCaOODSP|bfre|erda|cCaOODSP |
| 043 | |an-cn--- |
| 086 | 1 |aEm17-4F-PDF|zEm20-197/2024F-PDF|zEm20-197/2025F-PDF |
| 222 | 0|aIndicateurs canadiens pour la Convention relative aux droits des personnes handicapées (CDPH) des Nations Unies |
| 245 | 00|aIndicateurs canadiens pour la Convention relative aux droits des personnes handicapées (CDPH) des Nations Unies. |
| 264 | 1|a[Gatineau, Québec] : |bEmploi et développement social Canada = Employment and Social Development Canada, |c[2024]- |
| 310 | |aAnnuel |
| 336 | |atexte|btxt|2rdacontent/fre |
| 337 | |ainformatique|bc|2rdamedia/fre |
| 338 | |aressource en ligne|bcr|2rdacarrier/fre |
| 362 | 1 |aParaît depuis : 18 décembre 2024. |
| 500 | |aPublié aussi en anglais sous le titre : Canadian indicators for the United Nations Convention on the Rights of Persons with Disabilities (CRPD). |
| 588 | |aDescription d'après : 18 décembre 2024; titre de la page couverture du fichier PDF. |
| 588 | |aDernière livraison consultée : Mars 2025. |
| 630 | 06|aConvention relative aux droits des personnes handicapées et Protocole facultatif |d(2007 mars 30) |
| 650 | 6|aPersonnes handicapées|zCanada|xConditions sociales|vStatistiques|vPériodiques. |
| 650 | 6|aDiscrimination à l'égard des personnes handicapées|zCanada|vStatistiques|vPériodiques. |
| 650 | 6|aPersonnes handicapées|xDroits|zCanada|vPériodiques. |
| 650 | 6|aIndicateurs sociaux|zCanada|vPériodiques. |
| 655 | 7|aPériodiques|2rvmgf |
| 655 | 7|aStatistiques|2rvmgf |
| 710 | 1 |aCanada. |bEmploi et développement social Canada, |eorganisme de publication. |
| 775 | 08|tCanadian indicators for the United Nations Convention on the Rights of Persons with Disabilities (CRPD).|w(CaOODSP)9.958066 |